000 00915 a2200157 4500
003 Nust
005 20230120100426.0
040 _cNust
082 _a808.83,BLY
100 _aBetty Maxey
_9107203
245 _aFive on a Secret Trail /
_bEnid Blyton
260 _alondon
_bHodder and Stoughton
_c1970
300 _a184p;
505 _aGeorge is rather difficult (Page-7), Anne joins the little camp (Page-16), The Old Cottage and a Surprise (Page-25), That night (Page-34), That Boy again (Page-42), Storm in the night (Page-51), Queer Happenings (Page-60), All together again (Page-69), A Little Exploration (Page-77), What can be happening (Page-86), Interesting Discoveries (Page-95), A Good hiding place (Page-103), Well done George (Page-130), The Secret way (Page-139), Full of Surprises (Page-148), The way out (Page-158), Back to Kirrin Cottage (Page-168), The Adventure ends (Page-176).
942 _2ddc
_cBK
999 _c193972
_d193972